000 00736nam a22002295i 4500
001 169635
003 ES-MaACL
005 20250416221833.0
008 081027s2006 sp |||| | spa d
020 _a84-7522-825-9
080 _a82-1.09
100 1 _aArroyo, Eduardo.
_923352
245 1 0 _aImaginación poética /
_cEduardo Arroyo ; prólogo de Luis Antonio de Villena.
260 _aMadrid :
_bVisor Libros,
_c[2006]
300 _a40 p. ;
_c21 cm.
490 1 _aLos otros poetas ;
_v2
650 1 4 _aPoesía-
_xHistoria y crítica.
_9183561
700 1 _aVillena, Luis Antonio de,
_d1951-
_9240059
830 0 _aLos otros poetas ;
_v2
_9188871
852 _aES-MaACL
_j2238-F-2
_9R.138835
999 _c169635
_d169635